000 00503nam a2200181Ia 4500
008 191130s2009##################000#0#eng##
020 _a9781412966702
040 _aACL
_cACL
082 _a790.1 CAR
100 _aCarlisle, Rodney P
245 _aEncyclopedia of play in today's society
_cRodney P. Carlisle
260 _aThousand Oaks, CA
_bSAGE
_c2009
300 _ax, 437p. : ill ; hpk
650 _aCinema
990 _ad4e8342fac10000c795b380c3cd14a4e
991 _a366257
999 _c259900
_d259900